00528 2200205 4500001002100000005001500021035002000036007000300056008004100059020001800100082001200118084001800130100001400148245006000162250001000222260003600232300002700268700001700295990001000312INLIS00000000000712920210310100728 a0010-0321000499ta210310 g | ind  a9789796914241 a330.021 a330.021 SUH s0 aSuharyadi1 aStatiska Untuk Ekonomi dan Keuangan modern /cSuharyadi acet.2 aJakarta :bSalemba Empat,c2009 a424 hlm. ;c19 x 26 cm0 aPurwanto S.K a13076